Factores asociados a enfermedad renal crónica en tres hogares para ancianos en Cartagena - Colombia / (Registro nro. 4595)

Detalles MARC
000 -LEADER
fixed length control field 01675nam a2200253 4500
001 - CONTROL NUMBER
control field 0000008484
005 - DATE AND TIME OF LATEST TRANSACTION
control field 20250329165444.0
008 - FIXED-LENGTH DATA ELEMENTS--GENERAL INFORMATION
fixed length control field 180125s2021 000 0 eng d
040 ## - CATALOGING SOURCE
Original cataloging agency CO-CtgCURN
Language of cataloging spa
Transcribing agency coctgcurn
082 0# - DEWEY DECIMAL CLASSIFICATION NUMBER
Classification number INQ 2021
Item number A524
100 1# - MAIN ENTRY--PERSONAL NAME
Personal name Amor Vergara, Angie.
245 10 - TITLE STATEMENT
Title Factores asociados a enfermedad renal crónica en tres hogares para ancianos en Cartagena - Colombia /
Statement of responsibility, etc. Angie Amor Vergara; Alberto Cuello Sierra; Jaime Lorduy Gómez.
260 ## - PUBLICATION, DISTRIBUTION, ETC.
Place of publication, distribution, etc. Cartagena de Indias :
Name of publisher, distributor, etc. Corporación Universitaria Rafael Nuñez,
Date of publication, distribution, etc. 2021.
300 ## - PHYSICAL DESCRIPTION
Extent 11 hojas.
502 ## - DISSERTATION NOTE
Dissertation note Trabajo de Grado. (Instrumentador Quirurgico). Corporación Universitaria Rafael Nuñez . Facultad de Ciencias de la Salud . Programa de Instrumentación Quirúrgica, 2021.
520 ## - SUMMARY, ETC.
Summary, etc. " La enfermedad renal crónica es una patología progresiva; es una enfermedad progresiva donde la velocidad de filtrado glomerular es tan baja que puede resultar incompatible con la vida. En casos particulares la patología es difícil de identificar por los métodos tradicionales usados para evaluar la función renal, lo que se conoce como enfermedad renal oculta. "
650 #0 - SUBJECT ADDED ENTRY--TOPICAL TERM
Topical term or geographic name entry element Instumentacion quirurgica
Form subdivision Tesis y Disertaciones Academicas.
700 1# - ADDED ENTRY--PERSONAL NAME
Personal name Cuello Sierra, Alberto,
Titles and other words associated with a name Asesor.
700 1# - ADDED ENTRY--PERSONAL NAME
Personal name Lorduy Gómez, Jaime,
Titles and other words associated with a name Asesor.
856 7# - ELECTRONIC LOCATION AND ACCESS
Uniform Resource Identifier <a href="https://unicurn.sharepoint.com/:b:/s/biblioteca/EaJREeOfeidEqtFd6U2ggAkB2JB3pO1aQld3kOljmnT_UQ?e=fL6b6F">https://unicurn.sharepoint.com/:b:/s/biblioteca/EaJREeOfeidEqtFd6U2ggAkB2JB3pO1aQld3kOljmnT_UQ?e=fL6b6F</a>
Public note Click aqui para ver el recurso en texto completo
856 7# - ELECTRONIC LOCATION AND ACCESS
Public note Click aqui para ver el recurso en texto completo
942 ## - ADDED ENTRY ELEMENTS (KOHA)
Source of classification or shelving scheme Dewey Decimal Classification
Koha item type Trabajos de grado
Classification part INQ 2021
Item part A524
Existencias
Withdrawn status Lost status Damaged status Not for loan Collection Home library Current library Shelving location Date acquired Cost, normal purchase price Total checkouts Full call number Barcode Date last seen Price effective from Koha item type
        Trabajos de grado Miguel Henríquez Emiliani Miguel Henríquez Emiliani Trabajo de grado 09/23/2018 35000.00   INQ 2021 A524 023622 03/29/2025 03/29/2025 Trabajos de grado